El renacimiento
Uloženo v:
| Hlavní autor: | |
|---|---|
| Médium: | Kniha |
| Jazyk: | španělština |
| Vydáno: |
Santiago
Zig-Zag
1939
|
| Edice: | Biblioteca de Cultura
|
| Témata: | |
| Tagy: |
Přidat tag
Žádné tagy, Buďte první, kdo vytvoří štítek k tomuto záznamu!
|
MARC
| LEADER | 00000nam a2200000 a 4500 | ||
|---|---|---|---|
| 001 | UCP9966 | ||
| 003 | CL-VaPUC | ||
| 008 | 000407e19390000CL |||||||||||||||||spa|d | ||
| 082 | 0 | 4 | |a 940.21 |b FUN |2 21 |
| 100 | 0 | |a Funck-Brentano, Frantz |e author |9 440962 | |
| 245 | 1 | 3 | |a El renacimiento |
| 300 | |a 309 p | ||
| 942 | |c BK | ||
| 945 | |d 20000407 00:00:00 |a rherrera | ||
| 260 | |a Santiago |b Zig-Zag |c 1939 | ||
| 600 | 0 | 7 | |a COLON, CRISTOBAL |2 CL-VaPUC |9 265189 |
| 600 | 0 | |a Copérnico, Nicolás |9 269241 | |
| 600 | 0 | 7 | |a ERASMO DE ROTTERDAM |2 CL-VaPUC |9 368153 |
| 600 | 0 | 7 | |a MEDICIS |2 CL-VaPUC |9 440963 |
| 650 | 0 | |a Historia de Europa |9 392003 | |
| 650 | 0 | |a Renacimiento |9 255107 | |
| 650 | 7 | |a HUMANISTAS |2 CL-VaPUC |9 360395 | |
| 650 | 0 | |a Papas |9 258738 | |
| 650 | 0 | |a Arte |9 265238 | |
| 651 | 0 | |a Europa |9 255156 | |
| 651 | 0 | |a Italia |9 254949 | |
| 651 | 0 | |a Francia |9 255157 | |
| 583 | |a last modification |c 20000407 00:00:00 |k Rodrigo Vera | ||
| 490 | 0 | |a Biblioteca de Cultura | |
| 999 | |c 286746 |d 286744 | ||
| 952 | |0 0 |1 0 |4 0 |6 940_210000000000000_FUN_1939 |7 0 |8 X |9 332857 |a BIBHIS |b BIBHIS |d 2019-11-20 |i 1263692 |o 940.21 FUN 1939 |p 1263692 |r 2024-01-30 |w 2019-11-20 |y BK_X |k HIS | ||
| 952 | |0 0 |1 0 |4 0 |6 940_210000000000000_FUN_1939 |7 0 |8 X |9 332858 |a BIBHIS |b BIBHIS |d 2019-11-20 |i 1263749 |o 940.21 FUN 1939 |p 1263749 |r 2024-01-30 |w 2019-11-20 |y BK_X |k HIS | ||